El castillo de Roca Tacaña /
Tío Milordo, el ratón más tacaño de Ratonia, me invitó a su castillo para asistir a la boda de su hijo Virgilio con Cloaquita Pestoseta-Tufarada. El castillo estaba rodeado de un foso lleno de agua pestilente. Pero ¿qué clase de lugar era aquel...?
Guardado en:
| Autor Principal: | |
|---|---|
| Otros Autores: | , |
| Formato: | Libro |
| Idioma: | Undetermined |
| Publicado: |
Buenos Aires :
Destino,
2004.
|
| Edición: | 1a ed. |
| Series: | Geronimo Stilton ;
4 |
| Materias: | |
| Etiquetas: |
Agregar Etiqueta
Sin Etiquetas, Sea el primero en etiquetar este registro!
|
| LEADER | 01274nam a22002655a 4500 | ||
|---|---|---|---|
| 001 | CEM.cems020866 | ||
| 008 | 240304s2004####ag############000#0#und#d | ||
| 005 | 20240306164253.0 | ||
| 245 | 1 | 0 | |a El castillo de Roca Tacaña / |c Geronimo Stilton ; ilustrado por Larry Keys ; traducido por Manuel Manzano. |
| 250 | |a 1a ed. | ||
| 260 | |a Buenos Aires : |b Destino, |c 2004. | ||
| 300 | |a 128 p. | ||
| 490 | 1 | |a Geronimo Stilton ; |v 4 | |
| 500 | |a Geronimo Stilton es el nombre del escritor ficticio con el que firma la escritora italiana Elisabetta Dami. | ||
| 500 | |a Título original: Benvenuti a Rocca Taccagna. | ||
| 520 | |a Tío Milordo, el ratón más tacaño de Ratonia, me invitó a su castillo para asistir a la boda de su hijo Virgilio con Cloaquita Pestoseta-Tufarada. El castillo estaba rodeado de un foso lleno de agua pestilente. Pero ¿qué clase de lugar era aquel...? | ||
| 020 | |a 8408049097 | ||
| 100 | 1 | |a Stilton, Geronimo |j Dami, Elisabetta. | |
| 700 | 1 | |a Keys, Larry; il. | |
| 700 | 1 | |a Manzano, Manuel; trad. | |
| 653 | |a Literatura infantil | ||
| 653 | |a Novela infantil | ||
| 653 | |a Literatura italiana | ||
| 859 | |a CEMS |b BIB. CEMS - Inicial y Primaria |h 853.9 |i St548-3 |k IP |p 2989 |t Ej.1 | ||
| 859 | |a CEMS |b BIB. CEMS - Inicial y Primaria |h 853.9 |i St548-3 |k IP |p 6161 |t Ej.2 | ||
